Kto je rozvinutý a kto nie emerging markets obnovujú svoje pozície

Vymedzenie pojmu emerging markets. Nepresnosť pojmu emerging markets v súvislostiach s politickou a ekonomickou históriou. Vznik ekonomických nerovností.

Gespeichert in:
Bibliographische Detailangaben
1. Verfasser: Baláž, Vladimír
Format: Buchkapitel
Sprache:Slowakisch
Schlagworte:
Tags: Tag hinzufügen
Keine Tags, Fügen Sie das erste Tag hinzu!

MARC

LEADER 00000naa$a2200000$$$4500
001 0049038
005 20231019083916.3
041 0 |a slo 
044 |a SK 
245 1 0 |a Kto je rozvinutý a kto nie  |b emerging markets obnovujú svoje pozície  |c Vladimír Baláž 
520 |a Vymedzenie pojmu emerging markets. Nepresnosť pojmu emerging markets v súvislostiach s politickou a ekonomickou históriou. Vznik ekonomických nerovností. 
610 2 0 |a história 
610 2 0 |a politika 
610 2 0 |a produktivita 
610 2 0 |a výkonnosť ekonomiky 
610 2 0 |a krajiny rozvojové 
610 2 0 |a nerovnosť 
610 2 0 |a krajiny vyspelé 
610 2 0 |a pojmy 
100 1 |a Baláž, Vladimír